| 000 | 00000nam##2200000za#4500 |
| 001 | 9.580183 |
| 003 | CaOODSP |
| 005 | 20210624190921 |
| 007 | cr ||||||||||| |
| 008 | 150406|2009||||xxc|||||o f|0| 0 eng|d |
| 022 | |a1488-5387 |
| 040 | |aCaOODSP|beng |
| 043 | |an-cn--- |
| 086 | 1 |aFs97-4/2897E-PDF |
| 110 | 1 |aCanada. |bDepartment of Fisheries and Oceans. |
| 245 | 10|aOkanagan Fish and Water Management Tool project assessments : |h[electronic resource]|brecord of management strategy and decisions for the 2005-2006 fish-and-water year / |cby K.D. Hyatt, C. Bull, and M.M. Stockwell. |
| 260 | |aNanaimo - British Columbia : |bFisheries and Oceans Canada |c2009. |
| 300 | |a80p.|bcoloured figs., references, tables |
| 490 | 1 |aCanadian manuscript report of fisheries and aquatic sciences|x1488-5387|vNo. 2897 |
| 500 | |aFile reproduced from original print. On t.p.: Pacific Biological Station, Nanaimo, British Columbia. The catalogue number and ISSN for the print edition appear in the PDF version. |
| 546 | |a(Résumés en français) |
| 590 | |a14-14-Supp|b2014-07-24 |
| 720 | 1 |aHyatt, K. D. |
| 720 | 1 |aStockwell, M. M. |
| 720 | 1 |aBull, C. |
| 776 | 0#|tOkanagan Fish and Water Management Tool project assessments : |w(CaOODSP)9.619610 |
| 830 | #0|aCanadian manuscript report of fisheries and aquatic sciences,|x1488-5387|vNo. 2897|w(CaOODSP)9.505211 |
| 856 | 40|ahttp://publications.gc.ca|qPDF|s672 KB|uhttps://publications.gc.ca/collections/collection_2014/mpo-dfo/Fs97-4-2897-eng.pdf|yNo. 2897 |